000 01168nam2a2200205 4500
001 RU\NLR\PER_A\003156778_001420
005 20250624053724.0
035 _a(NLR Aleph) 012511218
090 _a12273042
_c12273042
100 _a20210427d2021 |||y0rusy50 ca
101 0 _arus
102 _aRU
200 0 _a2021, № 1 (188)
210 _d2021
_aБ. м.
461 0 _1001RU\NLR\Per\541087
_12001#$aБухгалтерский учет и налогообложение в бюджетных организациях$eбухучет. Налогообложение. Финансы$eежемесячный научно-практический журнал для бухгалтера$v2021, № 1 (188)
_93061999
_c[Москва]
_d2006 -
_nПросвещение
_oбухучет. Налогообложение. Финансы : ежемесячный научно-практический журнал для бухгалтера
_tБухгалтерский учет и налогообложение в бюджетных организациях
_x2074-6725
_v2021, № 1 (188)
852 _aNLR
_jП23/6925
942 _cISSUE
980 _aNB
980 _aRUSPER